[Event "Hessen-ch U14"]
[Site "Bad Homburg"]
[Date "2012.??.??"]
[Round "6"]
[White "Grosser, Maurice"]
[Black "Hennemann, Florian"]
[Result "1/2-1/2"]
[WhiteElo "1073"]
[BlackElo "929"]
[PlyCount "50"]
[EventDate "2012.04.??"]
[EventType "swiss"]
[EventRounds "9"]
[EventCountry "GER"]
[SourceTitle "EXT 2015"]
[Source "ChessBase"]
[SourceDate "2014.11.20"]
[SourceVersion "1"]
[SourceVersionDate "2014.11.20"]
[SourceQuality "1"]

1. e4 e5 2. Nf3 Nc6 3. Bc4 Bc5 4. 0-0 Nf6 5. d3 h6 6. Nc3 d6 7. h3 Be6 8. Bxe6 fxe6 9. a3 d5 10. Re1 d4 11. b4 Bd6 12. Na4 0-0 13. c3 b5 14. Nc5 Bxc5 15. bxc5 Qe7 16. cxd4 exd4 17. Qc2 e5 18. Qb3+ Kh8 19. Qxb5 Qe6 20. Bd2 Nd7 21. Rec1 Rfb8 22. Qa4 a6 23. Ba5 Ra7 24. Nd2 Rb5 25. Nc4 Rxc5 1/2-1/2